Normal view
MARC view
- الاردن-تاريخ - الاردن اولا
Entry Topical Term
001 - CONTROL NUMBER
- control field: 35879
003 - CONTROL NUMBER IDENTIFIER
- control field: JO-AjAnu
005 - DATE AND TIME OF LATEST TRANSACTION
- control field: 20230606080009.0
008 - FIXED-LENGTH DATA ELEMENTS
- fixed length control field: 230606|| aca||aabn | a|a d
040 ## - CATALOGING SOURCE
- Original cataloging agency: JO-AjAnu
- Transcribing agency: JO-AjAnu
150 ## - HEADING--TOPICAL TERM
- Topical term or geographic name entry element: الاردن-تاريخ - الاردن اولا
670 ## - SOURCE DATA FOUND
- Source citation: Work cat.: (JO-AjAnu)18422: اعداد وتاليف الخليلي، محمد فواز مصطفى , author 35878, قراءات في الثوابت الأردنية " الاردن أولا"